Normal view
MARC view
Entry Personal Name
001 - CONTROL NUMBER
- control field: 50909
003 - CONTROL NUMBER IDENTIFIER
- control field: ARRUPE
005 - DATE AND TIME OF LATEST TRANSACTION
- control field: 20211102111603.0
008 - FIXED-LENGTH DATA ELEMENTS
- fixed length control field: 211102|| aca||aabn | a|a d
040 ## - CATALOGING SOURCE
- Original cataloging agency: ARRUPE
- Transcribing agency: ARRUPE
100 ## - HEADING--PERSONAL NAME
- Personal name: Jaer, André de
670 ## - SOURCE DATA FOUND
- Source citation: Work cat.: (ARRUPE)0: Jaer, André de., Together for mission :, c2001.